|
|
|
|
| LEADER |
00851nam a2200253 4500 |
| 001 |
DLU170182476 |
| 005 |
##20171218 |
| 040 |
# |
# |
|a DLU
|b vie
|
| 041 |
# |
# |
|a vie
|
| 044 |
# |
# |
|a vn
|
| 100 |
# |
# |
|a Nguyễn Thị Hải Yến.
|
| 245 |
# |
# |
|a Bảo tàng Mỹ thuật Việt Nam - nơi lưu giữ những tác phẩm của các họa sĩ Nam Bộ một thời đã xa /
|c Nguyễn Thị Hải Yến.
|
| 653 |
# |
# |
|a Bảo tàng mỹ thuật Việt Nam
|
| 653 |
# |
# |
|a Họa sĩ
|
| 653 |
# |
# |
|a Nam Bộ
|
| 773 |
# |
# |
|t Tạp chí Lý luận, phê bình văn học, nghệ thuật
|g Số 9, 2013, tr. 46-49
|
| 920 |
# |
# |
|a Phòng Tạp chí --Trung tâm Thông tin - Thư viện Trường Đại học Đà Lạt
|
| 900 |
# |
# |
|a True
|
| 911 |
# |
# |
|a Lê Thị Hồng
|
| 925 |
# |
# |
|a G
|
| 926 |
# |
# |
|a A
|
| 927 |
# |
# |
|a BB
|
| 980 |
# |
# |
|a Thư viện Trường Đại học Đà Lạt
|